| 000 | 00765nam a22002177a 4500 | ||
|---|---|---|---|
| 003 | DO-SdBPM | ||
| 005 | 20250703143144.0 | ||
| 008 | 171110b1998 dr |||| 00| 0 spa d | ||
| 040 |
_aDO-SdBPM _bspa _cBPMSU |
||
| 082 | 4 |
_a796.357 _bS321c 1998 _222 |
|
| 100 | 1 |
_aScheker Ortiz, Luis _eautor |
|
| 245 |
_aComo jugar un mejor béisbol : _bguía especial para pequeñas ligas / _cLuis Sheker Ortiz ; prólogo Alejandro Asmar Sánchez |
||
| 260 |
_aSanto Domingo : _bTiempo , _c1998. |
||
| 300 |
_a176 p. : _bil. ; _c21 cm. |
||
| 650 | 4 |
_aBéisbol _vReglamentos |
|
| 650 | 4 |
_aBéisbol _xEstrategias y técnicas. _v |
|
| 700 | 1 |
_aAsmar Sánchez, Alejandro, _eprólogo |
|
| 942 |
_2ddc _cBK |
||
| 945 | _aInventariado, 2018 / BT | ||
| 956 |
_aBTAVAREZ _b10 _d20171110 _fBPMSU _h0038 |
||
| 999 |
_c12852 _d12852 |
||